| 000 | 00000nas 2200000za 4500 |
| 001 | 9.864426 |
| 003 | CaOODSP |
| 005 | 20250403110142 |
| 007 | cr ||||||||||| |
| 008 | 181107d19831984oncar p oss f000#b0fre|d |
| 022 | # |y0828-9867 |
| 040 | |aCaOODSP|bfre |
| 041 | |aeng|afre |
| 043 | |an-cn--- |
| 086 | 1 |aCS35-204-PDF |
| 245 | 00|aSawmill, planing mill and shingle mill products industries |h[ressource électronique] / |cStatistics Canada, Industry Division, Census of Manufactures Section = Industries des produits de scieries et d'ateliers de rabotage / Statistique Canada, Division de l'industrie, Section du recensement des manufactures. |
| 246 | 11|aIndustries des produits de scieries et d'ateliers de rabotage |
| 260 | |aOttawa : |bStatistics Canada = Statistique Canada, |c1985-1986. |
| 300 | |a2 v. |
| 310 | |aAnnuel |
| 362 | 0 |a1983-1984. |
| 490 | 0 |aAnnual census of manufactures = Recensement annuel des manufactures |
| 500 | |aTitre parallèle : Industries des produits de scieries et d'ateliers de rabotage. |
| 500 | |aÉdition numérisée de l’imprimé [par Statistique Canada] |
| 546 | |aTexte en anglais et en français. |
| 580 | |aFusionné avec: Sash, door and other millwork industries; Veneer and plywood industries; et, Miscellaneous wood industries (Final), et devient: Wood industries. |
| 692 | 07|2gccst|aIndustrie du bois d'oeuvre |
| 710 | 1 |aCanada. |bStatistique Canada. |bSection du recensement des manufactures. |
| 710 | 2 |aStatistique Canada. |
| 780 | 00|tSawmills and planing mills and shingle mills |w(CaOODSP)9.864418 |
| 785 | 00|tWood industries |w(CaOODSP)9.864662 |
| 791 | |tSawmill, planing mill and shingle mill products industries |eeng|w(CaOODSP)9.864424 |